[Event "Junior Online 4NCL Division 5"]
[Site "online"]
[Date "2020.06.04"]
[Round "8.208"]
[White "Tran, Joseph"]
[Black "Abraham, Leo"]
[Result "1-0"]
[WhiteElo "737"]
[BlackElo "1022"]
[PlyCount "107"]
[EventDate "2020.06.04"]
[WhiteTeam "Surbiton Juniors C"]
[BlackTeam "Leicestershire Juniors 3"]

1. e4 e5 2. Nf3 Nf6 3. Nc3 Bc5 4. g3 Ng4 5. d4 exd4 6. Nxd4 Bxd4 7. Qxd4 Nc6 8.
Qxg7 Qf6 9. Qxg4 d6 10. Qf4 Qd8 11. Bc4 Rf8 12. Qh6 Nd4 13. O-O Nxc2 14. Rb1
Nd4 15. Qxh7 Bf5 16. exf5 Qf6 17. Bd3 Rh8 18. Bg5 Rxh7 19. Bxf6 Rh6 20. Bxd4
O-O-O 21. Bxa7 Rdh8 22. Nd5 Rxh2 23. Ne7+ Kd7 24. Be4 R2h7 25. f6 Rh6 26. Rfc1
Rxf6 27. Bd4 Re6 28. Bxh8 Rxe4 29. Nf5 Ra4 30. Ra1 Rb4 31. Rcb1 Rb5 32. Nd4 Rd5
33. g4 Rg5 34. f3 Rg8 35. Bf6 Rg6 36. Bh8 c5 37. Nb5 Rg8 38. Bc3 d5 39. a4 d4
40. Bxd4 cxd4 41. Nxd4 Rd8 42. Rd1 Ke8 43. a5 Ra8 44. Re1+ Kf8 45. Nf5 f6 46.
b4 Re8 47. Rxe8+ Kxe8 48. b5 b6 49. a6 Kf7 50. a7 Ke6 51. Ng7+ Kf7 52. Nf5 Ke6
53. a8=Q Ke5 54. Qe4# 1-0

[Event "Junior Online 4NCL Division 5"]
[Site "online"]
[Date "2020.06.04"]
[Round "8.211"]
[White "Kanodia, Ramit"]
[Black "Brown, Charlie"]
[Result "1-0"]
[WhiteElo "770"]
[BlackElo "1262"]
[PlyCount "77"]
[EventDate "2020.06.04"]
[WhiteTeam "Dundee"]
[BlackTeam "Robin Hoods 5"]

1. e4 e5 2. Nf3 Nf6 3. Nc3 Bb4 4. a3 Bxc3 5. dxc3 Nxe4 6. Qe2 d5 7. Nxe5 Qe7 8.
Nf3 Bg4 9. h3 Bf5 10. g4 Bg6 11. Bg2 O-O 12. Ng5 Re8 13. Bxe4 dxe4 14. Be3 Nc6
15. O-O-O h6 16. h4 f6 17. Nh3 Qf7 18. Kb1 f5 19. g5 Bh5 20. Qb5 a6 21. Qxb7
Rab8 22. Qxc6 Bxd1 23. Rxd1 Rbd8 24. Rg1 Re6 25. Qc4 h5 26. Nf4 Red6 27. Qxf7+
Kxf7 28. Nxh5 g6 29. Nf4 Rd1+ 30. Rxd1 Rxd1+ 31. Ka2 Rh1 32. Ng2 Rh2 33. Nf4
Rxh4 34. Kb3 Rh8 35. c4 Rb8+ 36. Kc3 c5 37. Bxc5 Rh8 38. Be3 Rh3 39. Nxh3 1-0

[Event "Junior Online 4NCL Division 5"]
[Site "online"]
[Date "2020.06.04"]
[Round "8.212"]
[White "Keenan, Isaac"]
[Black "Shepherd, Fiontan"]
[Result "1/2-1/2"]
[WhiteElo "1180"]
[BlackElo "458"]
[PlyCount "65"]
[EventDate "2020.06.04"]
[WhiteTeam "Robin Hoods 5"]
[BlackTeam "Dundee"]

1. d4 d5 2. Bf4 Nc6 3. Nf3 Bg4 4. e3 Nf6 5. Bd3 e6 6. c3 Be7 7. Nbd2 O-O 8. Qc2
g6 9. O-O-O Qd7 10. h3 Bxf3 11. Nxf3 a6 12. Ne5 Nxe5 13. Bxe5 c6 14. g4 b5 15.
Bf4 a5 16. Bh6 Rfb8 17. Bf4 Rb7 18. h4 Nxg4 19. Rhg1 Nf6 20. Bg5 Nh5 21. Rh1
Bxg5 22. hxg5 Ng7 23. b4 axb4 24. cxb4 Qe7 25. Qc3 Rba7 26. Bb1 Ra4 27. Rd2
Rxb4 28. Qxc6 Rc4+ 29. Rc2 Rxc6 30. Rxc6 Qa3+ 31. Kd1 Qb2 32. Rc1 Nh5 33. Rh2
1/2-1/2

[Event "Junior Online 4NCL Division 5"]
[Site "online"]
[Date "2020.06.04"]
[Round "8.213"]
[White "Baron, Alexander"]
[Black "Babu, Guhan"]
[Result "1-0"]
[WhiteElo "216"]
[BlackElo "1105"]
[PlyCount "87"]
[EventDate "2020.06.04"]
[WhiteTeam "Dundee"]
[BlackTeam "Robin Hoods 5"]

1. e4 e5 2. Nf3 Nc6 3. Bc4 Bc5 4. c3 Nf6 5. d4 exd4 6. cxd4 Bb4+ 7. Nc3 Bxc3+
8. bxc3 Nxe4 9. Qe2 Qe7 10. Nd2 Nxd2 11. Qxe7+ Nxe7 12. Bxd2 O-O 13. O-O d5 14.
Bd3 Nf5 15. Rfe1 Nh4 16. Re5 c6 17. Rd1 Bg4 18. Rde1 f6 19. Re7 b6 20. Kh1 Nf5
21. Rb7 Nd6 22. Rbe7 Rf7 23. Rxf7 Nxf7 24. Be2 Bxe2 25. Rxe2 Nd6 26. Re7 a5 27.
Rd7 Ne8 28. Rb7 b5 29. Bf4 a4 30. Re7 g5 31. Bd6 Nxd6 32. Rd7 Re8 33. h3 Re1+
34. Kh2 Nf7 35. Rc7 Nd8 36. Rc8 Re8 37. g3 Kg7 38. Rc7+ Kg6 39. g4 h5 40. gxh5+
Kxh5 41. Kg3 f5 42. h4 f4+ 43. Kf3 Kxh4 44. Rh7# 1-0

[Event "Junior Online 4NCL Division 5"]
[Site "online"]
[Date "2020.06.04"]
[Round "8.214"]
[White "Ying, Alexander"]
[Black "Liu, Haoqi"]
[Result "1-0"]
[WhiteElo "1097"]
[BlackElo "200"]
[PlyCount "43"]
[EventDate "2020.06.04"]
[WhiteTeam "Robin Hoods 5"]
[BlackTeam "Dundee"]

1. e4 e5 2. Nf3 Nc6 3. Bc4 Bc5 4. c3 Nf6 5. d4 Bd6 6. d5 Na5 7. Nbd2 Bc5 8. b4
Bxb4 9. cxb4 Nxc4 10. Nxc4 d6 11. Bb2 Bg4 12. Qe2 O-O 13. h3 Bxf3 14. Qxf3 Nd7
15. O-O b5 16. Ne3 Nb6 17. Qg3 g5 18. h4 Qd7 19. Qxg5+ Kh8 20. Qf6+ Kg8 21. f4
exf4 22. Qg7# 1-0

[Event "Junior Online 4NCL Division 5"]
[Site "online"]
[Date "2020.06.04"]
[Round "8.215"]
[White "Brown, Charlie"]
[Black "Kanodia, Ramit"]
[Result "0-1"]
[WhiteElo "1262"]
[BlackElo "770"]
[PlyCount "44"]
[EventDate "2020.06.04"]
[WhiteTeam "Robin Hoods 5"]
[BlackTeam "Dundee"]

1. e4 e5 2. Bc4 Nf6 3. d4 d6 4. dxe5 dxe5 5. Qxd8+ Kxd8 6. Nf3 Nxe4 7. O-O f6
8. Bd3 Nd6 9. Be3 Bg4 10. h3 Bxf3 11. gxf3 Nc6 12. Nc3 Be7 13. Bb5 Rb8 14. Bxc6
bxc6 15. Bxa7 Rxb2 16. Na4 Rxc2 17. Rab1 Nc8 18. Rfd1+ Bd6 19. a3 Ke7 20. Rbc1
Rxc1 21. Rxc1 Nxa7 22. Rxc6 Nxc6 0-1

[Event "Junior Online 4NCL Division 5"]
[Site "online"]
[Date "2020.06.04"]
[Round "8.216"]
[White "Shepherd, Fiontan"]
[Black "Keenan, Isaac"]
[Result "1-0"]
[WhiteElo "458"]
[BlackElo "1180"]
[PlyCount "75"]
[EventDate "2020.06.04"]
[WhiteTeam "Dundee"]
[BlackTeam "Robin Hoods 5"]

1. e4 e5 2. Nf3 Nf6 3. Nxe5 Qe7 4. d4 d6 5. Nf3 Nxe4 6. Qe2 d5 7. Nc3 Nxc3 8.
Qxe7+ Bxe7 9. bxc3 Bf5 10. Bd3 Bxd3 11. cxd3 Nc6 12. O-O O-O-O 13. Bg5 Bxg5 14.
Nxg5 Rhg8 15. Nxf7 Rd7 16. Ng5 h6 17. Nf3 h5 18. Ne5 Nxe5 19. dxe5 Re7 20. d4
g5 21. h3 g4 22. h4 b6 23. Rae1 Rge8 24. f3 g3 25. f4 c5 26. f5 Rf8 27. f6 Ref7
28. e6 Rxf6 29. Rxf6 Rxf6 30. e7 cxd4 31. e8=Q+ Kc7 32. Qe7+ Kc6 33. Qxf6+ Kc5
34. cxd4+ Kc4 35. Rc1+ Kb4 36. Qc6 a6 37. Qxb6+ Ka3 38. Qb3# 1-0

[Event "Junior Online 4NCL Division 5"]
[Site "online"]
[Date "2020.06.04"]
[Round "8.218"]
[White "Liu, Haoqi"]
[Black "Ying, Alexander"]
[Result "1/2-1/2"]
[WhiteElo "200"]
[BlackElo "1097"]
[PlyCount "101"]
[EventDate "2020.06.04"]
[WhiteTeam "Dundee"]
[BlackTeam "Robin Hoods 5"]

1. e4 e5 2. Nf3 Nc6 3. Nc3 Bc5 4. Bc4 Nf6 5. d3 O-O 6. Bg5 d6 7. O-O Bd7 8. Nd5
Ne7 9. Nxf6+ gxf6 10. Bh6 Re8 11. Nh4 Ng6 12. Nxg6 hxg6 13. Qd2 f5 14. Bg5 fxe4
15. dxe4 Qc8 16. Qd5 Be6 17. Qd3 Bxc4 18. Qh3 Bxf1 19. Rxf1 Qxh3 20. gxh3 Bd4
21. Rd1 Bxb2 22. Rb1 Bd4 23. Rxb7 Rab8 24. Rxc7 Rb1+ 25. Kg2 a5 26. h4 Re1 27.
h5 gxh5 28. Rc6 Re6 29. Bd2 Rg6+ 30. Kf3 Rf1 31. Ke2 Rxf2+ 32. Kd3 Rgg2 33.
Bxa5 Rf3+ 34. Kc4 Rc3+ 35. Kd5 Rxc6 36. Kxc6 Rxc2+ 37. Kxd6 Rxa2 38. Bd8 Rxh2
39. Bf6 Re2 40. Bxe5 Rxe4 41. Bxd4 Rxd4+ 42. Ke5 Rd1 43. Kf5 Rf1+ 44. Kg5 f6+
45. Kxh5 f5 46. Kh4 f4 47. Kg4 f3 48. Kg3 f2 49. Kg2 Kg7 50. Kxf1 Kg6 51. Kxf2
1/2-1/2

[Event "Junior Online 4NCL Division 5"]
[Site "online"]
[Date "2020.06.04"]
[Round "8.221"]
[White "Shkuratovskyi, Makariy"]
[Black "Knight, Michael D"]
[Result "1-0"]
[WhiteElo "1427"]
[BlackElo "1210"]
[PlyCount "87"]
[EventDate "2020.06.04"]
[WhiteTeam "KJCA Young Kestrels F"]
[BlackTeam "Uxbridge Juniors Jamma"]

1. e4 e6 2. d4 d5 3. e5 c5 4. c3 Nc6 5. Nf3 Bd7 6. Be2 Be7 7. O-O Nh6 8. Bxh6
gxh6 9. Nbd2 Bg5 10. Qc2 Qe7 11. Nxg5 Qxg5 12. Nb3 c4 13. Nc5 Rg8 14. g3 O-O-O
15. Nxd7 Kxd7 16. Qxh7 Qd2 17. Bg4 Qxb2 18. Qxf7+ Ne7 19. Bxe6+ Kc7 20. Qxe7+
Kb6 21. Qb4+ Qxb4 22. cxb4 Rde8 23. Bxg8 Rxg8 24. a4 a5 25. b5 h5 26. h4 Rg4
27. Rfd1 Re4 28. f3 Re3 29. Kf2 Rb3 30. e6 Rb2+ 31. Ke3 Rb3+ 32. Kf4 c3 33.
Rac1 Kc7 34. e7 Kd7 35. Re1 Rb4 36. Rxc3 Rxd4+ 37. Ke5 Rxa4 38. Kxd5 Rb4 39.
Rd3 Rxb5+ 40. Kc4+ Ke8 41. Kxb5 Kf7 42. e8=Q+ Kf6 43. Qe7+ Kf5 44. Qe6# 1-0

[Event "Junior Online 4NCL Division 5"]
[Site "online"]
[Date "2020.06.04"]
[Round "8.222"]
[White "Dhir, Jai Alexander"]
[Black "Allen, George"]
[Result "1-0"]
[WhiteElo "1037"]
[BlackElo "1382"]
[PlyCount "97"]
[EventDate "2020.06.04"]
[WhiteTeam "Uxbridge Juniors Jamma"]
[BlackTeam "KJCA Young Kestrels F"]

1. e4 e5 2. Nf3 Nc6 3. d4 d5 4. exd5 Qxd5 5. Be3 Bg4 6. Be2 Bd6 7. Nc3 Qe6 8.
d5 Qf6 9. dxc6 bxc6 10. O-O Ne7 11. Ne4 Qg6 12. Nc3 h6 13. Nh4 Qe6 14. Bxg4 Qf6
15. Ne4 Qxh4 16. g3 Qxg4 17. Qxg4 Ng6 18. Qf3 O-O 19. Nxd6 cxd6 20. Qxc6 Rac8
21. Qxd6 Rxc2 22. Bc5 Rxb2 23. h4 Rbb8 24. h5 Rbd8 25. Qa6 Nh8 26. Bxf8 Rxf8
27. Qd6 f6 28. Rab1 Nf7 29. Qe6 Kh8 30. Rb7 Nd8 31. Qe7 Rg8 32. Rd7 Nc6 33. Qd6
Nb8 34. Rd8 Nc6 35. Rxg8+ Kxg8 36. Qe6+ Kh7 37. Qxc6 Kg8 38. Rd1 Kh7 39. Qe4+
Kg8 40. Rd8+ Kf7 41. Qg6+ Ke7 42. Re8+ Kd7 43. Rf8 Kd6 44. Qxg7 f5 45. Rd8+ Kc5
46. Qxe5+ Kc6 47. Rd6+ Kb7 48. Qe7+ Ka8 49. Rd8# 1-0

[Event "Junior Online 4NCL Division 5"]
[Site "online"]
[Date "2020.06.04"]
[Round "8.223"]
[White "Davies, Violet"]
[Black "Aurangabadkar, Anish R"]
[Result "0-1"]
[WhiteElo "1225"]
[BlackElo "1075"]
[PlyCount "68"]
[EventDate "2020.06.04"]
[WhiteTeam "KJCA Young Kestrels F"]
[BlackTeam "Uxbridge Juniors Jamma"]

1. e4 c5 2. Nf3 d6 3. Bc4 Nc6 4. d4 Nf6 5. dxc5 dxc5 6. Nc3 Qxd1+ 7. Nxd1 e6 8.
Nc3 Be7 9. O-O O-O 10. e5 Ng4 11. h3 Ngxe5 12. Nxe5 Nxe5 13. Bf4 Nxc4 14. b3
Nb6 15. Nb5 a6 16. Nc7 Rb8 17. Nxe6 fxe6 18. Bxb8 Bf6 19. Bd6 Bxa1 20. Bxf8
Kxf8 21. Re1 Bc3 22. Re3 Bd4 23. Re4 e5 24. Kh1 Bf5 25. Re2 h6 26. g4 Be6 27.
Re4 Bd5 28. f3 Bxe4 29. fxe4 g5 30. Kh2 Nd7 31. Kg3 Kg7 32. h4 gxh4+ 33. Kxh4
Bf2+ 34. Kh5 Nf6# 0-1

[Event "Junior Online 4NCL Division 5"]
[Site "online"]
[Date "2020.06.04"]
[Round "8.224"]
[White "Shotton, Marcus"]
[Black "Oprea, Lucas"]
[Result "0-1"]
[WhiteElo "827"]
[BlackElo "1262"]
[PlyCount "44"]
[EventDate "2020.06.04"]
[WhiteTeam "Uxbridge Juniors Jamma"]
[BlackTeam "KJCA Young Kestrels F"]

1. e4 e5 2. Nf3 Nc6 3. Bc4 Nf6 4. Nc3 Bc5 5. O-O Bb4 6. Nd5 Bd6 7. Nxf6+ Qxf6
8. d3 Na5 9. Bg5 Qg6 10. h4 h6 11. Bd2 Qh7 12. Bb5 O-O 13. h5 c6 14. Bxc6 dxc6
15. Bxa5 Bg4 16. Qd2 Bxf3 17. gxf3 g6 18. hxg6 Qxg6+ 19. Kh2 Qh5+ 20. Kg1 Kh8
21. Kg2 Rg8+ 22. Qg5 Rxg5# 0-1

[Event "Junior Online 4NCL Division 5"]
[Site "online"]
[Date "2020.06.04"]
[Round "8.225"]
[White "Knight, Michael D"]
[Black "Shkuratovskyi, Makariy"]
[Result "1-0"]
[WhiteElo "1210"]
[BlackElo "1427"]
[PlyCount "47"]
[EventDate "2020.06.04"]
[WhiteTeam "Uxbridge Juniors Jamma"]
[BlackTeam "KJCA Young Kestrels F"]

1. e4 c5 2. Nf3 d6 3. Bc4 Nc6 4. Ng5 Ne5 5. d3 Nxc4 6. dxc4 Nf6 7. Nc3 g6 8.
Bf4 Bg7 9. O-O O-O 10. Nd5 Nxd5 11. exd5 Bxb2 12. Rb1 Bf6 13. Qf3 Bxg5 14. Bxg5
b6 15. Rbe1 Re8 16. Qd3 Bf5 17. Qd2 f6 18. Bh6 g5 19. f3 Kf7 20. g4 Bd7 21. Qd3
Rg8 22. Qxh7+ Rg7 23. Qxg7+ Ke8 24. Qg6# 1-0

[Event "Junior Online 4NCL Division 5"]
[Site "online"]
[Date "2020.06.04"]
[Round "8.226"]
[White "Allen, George"]
[Black "Dhir, Jai Alexander"]
[Result "1-0"]
[WhiteElo "1382"]
[BlackElo "1037"]
[PlyCount "41"]
[EventDate "2020.06.04"]
[WhiteTeam "KJCA Young Kestrels F"]
[BlackTeam "Uxbridge Juniors Jamma"]

1. b4 d5 2. Bb2 Nc6 3. b5 Na5 4. e3 Nc4 5. Bxc4 dxc4 6. Nf3 Nf6 7. O-O Bg4 8.
Re1 Bxf3 9. Qxf3 Rb8 10. e4 e5 11. Bxe5 Bd6 12. Bb2 O-O 13. e5 Re8 14. d4 b6
15. Nd2 Bb4 16. c3 Ba5 17. exf6 Rxe1+ 18. Rxe1 c5 19. bxc6 b5 20. Ba3 Bxc3 21.
Qxc3 1-0

[Event "Junior Online 4NCL Division 5"]
[Site "online"]
[Date "2020.06.04"]
[Round "8.227"]
[White "Aurangabadkar, Anish R"]
[Black "Davies, Violet"]
[Result "1-0"]
[WhiteElo "1075"]
[BlackElo "1225"]
[PlyCount "151"]
[EventDate "2020.06.04"]
[WhiteTeam "Uxbridge Juniors Jamma"]
[BlackTeam "KJCA Young Kestrels F"]

1. e4 e5 2. Nf3 Nc6 3. Bc4 Bc5 4. d3 Nf6 5. Ng5 d5 6. exd5 Nxd5 7. Bxd5 Qxd5 8.
O-O h6 9. Nf3 Bg4 10. Nc3 Qd8 11. Be3 b6 12. Bxc5 bxc5 13. h3 Bh5 14. b3 Nd4
15. Nxd4 Bxd1 16. Nc6 Qg5 17. Rfxd1 O-O 18. Re1 f6 19. Nd5 Rac8 20. Nce7+ Kh8
21. Nxc8 Rxc8 22. Ne7 Re8 23. Nd5 Qd2 24. Rac1 Rd8 25. Nxc7 Rd7 26. Nb5 f5 27.
g4 fxg4 28. hxg4 Rf7 29. Rf1 Rxf2 30. Rxf2 Qxc1+ 31. Rf1 Qxc2 32. Rf8+ Kh7 33.
Nxa7 Qxd3 34. Nb5 e4 35. a4 e3 36. Re8 e2 37. Kf2 Qd2 38. Rxe2 Qf4+ 39. Ke1
Qxg4 40. a5 h5 41. a6 h4 42. a7 Qc8 43. Rh2 g5 44. Rg2 Qb7 45. Rxg5 h3 46. Rh5+
Kg6 47. Rxh3 Kg5 48. Rg3+ Kf5 49. Rc3 Ke5 50. Rxc5+ Ke4 51. Rc4+ Kd5 52. Ra4
Qxb5 53. a8=Q+ Kc5 54. Rc4+ Kb6 55. Qb8+ Ka5 56. Qxb5+ Kxb5 57. Rh4 Kc5 58. Kd2
Kb5 59. Kc3 Kc5 60. Rd4 Kb5 61. Rc4 Kb6 62. Kb4 Ka6 63. Rc5 Kb6 64. Kc4 Ka6 65.
Rh5 Kb6 66. Rc5 Ka6 67. Rb5 Ka7 68. Kc5 Ka8 69. Kb6 Kb8 70. Rc5 Ka8 71. Rc7 Kb8
72. Kc6 Ka8 73. Rh7 Kb8 74. Rg7 Ka8 75. Kb6 Kb8 76. Rg8# 1-0

[Event "Junior Online 4NCL Division 5"]
[Site "online"]
[Date "2020.06.04"]
[Round "8.228"]
[White "Oprea, Lucas"]
[Black "Shotton, Marcus"]
[Result "1/2-1/2"]
[WhiteElo "1262"]
[BlackElo "827"]
[PlyCount "58"]
[EventDate "2020.06.04"]
[WhiteTeam "KJCA Young Kestrels F"]
[BlackTeam "Uxbridge Juniors Jamma"]

1. e4 e5 2. Nf3 Nc6 3. Nc3 Bc5 4. Bc4 d6 5. d3 f6 6. Bxg8 Rxg8 7. O-O f5 8.
exf5 Bxf5 9. Bg5 Qd7 10. a3 Nd4 11. Nxd4 exd4 12. b4 dxc3 13. bxc5 dxc5 14. Qb1
b6 15. Qa2 Be6 16. Rfe1 Kf7 17. Qb1 Rae8 18. Qd1 Bg4 19. f3 Qd4+ 20. Kh1 Rxe1+
21. Qxe1 Re8 22. Qh4 Bd7 23. Qxd4 cxd4 24. h3 c5 25. Bh4 h6 26. Re1 Rxe1+ 27.
Bxe1 b5 28. Kg1 b4 29. Kf2 bxa3 1/2-1/2

[Event "Junior Online 4NCL Division 5"]
[Site "online"]
[Date "2020.06.04"]
[Round "8.231"]
[White "Kedikoglou, Elias"]
[Black "Bredenoord, Conrad"]
[Result "1-0"]
[WhiteElo "1277"]
[BlackElo "1142"]
[PlyCount "21"]
[EventDate "2020.06.04"]
[WhiteTeam "MCS Niners"]
[BlackTeam "Long Ditton St Mary's"]

1. d4 Nf6 2. Nf3 d5 3. Nc3 Nc6 4. Bf4 Bf5 5. e3 e6 6. Bb5 Bb4 7. O-O Bxc3 8.
bxc3 Ne4 9. Ne5 Nxc3 10. Qh5 Nxb5 11. Qxf7# 1-0

[Event "Junior Online 4NCL Division 5"]
[Site "online"]
[Date "2020.06.04"]
[Round "8.232"]
[White "Sheftel, Sam"]
[Black "Large, Marcus"]
[Result "1-0"]
[WhiteElo "1075"]
[BlackElo "857"]
[PlyCount "71"]
[EventDate "2020.06.04"]
[WhiteTeam "Long Ditton St Mary's"]
[BlackTeam "MCS Niners"]

1. e4 c5 2. Bc4 Nc6 3. Nc3 Nf6 4. Nf3 e6 5. d3 Be7 6. Bg5 d6 7. O-O O-O 8. d4
cxd4 9. Nxd4 Nxd4 10. Qxd4 e5 11. Qd3 Be6 12. Bxe6 fxe6 13. Qg3 Nd7 14. Bh6 Bf6
15. Rae1 Nc5 16. b3 Rc8 17. Re3 Nd7 18. Qg4 Nc5 19. Rg3 Rc7 20. Nb5 Rff7 21.
Nxc7 Rxc7 22. b4 Nd7 23. Bxg7 Nf8 24. Bxf6+ Kf7 25. Bxd8 Rd7 26. Qg7+ Ke8 27.
Qf6 Rf7 28. Qxf7+ Kxf7 29. Rd1 Ng6 30. Rxd6 Nf4 31. Rd7+ Ke8 32. Rgg7 Kf8 33.
Rxh7 Ng6 34. Bf6 Kg8 35. Rhg7+ Kf8 36. Rd8# 1-0

[Event "Junior Online 4NCL Division 5"]
[Site "online"]
[Date "2020.06.04"]
[Round "8.233"]
[White "Robinson, Jonas"]
[Black "Holben, Joseph"]
[Result "1-0"]
[WhiteElo "850"]
[BlackElo "1067"]
[PlyCount "69"]
[EventDate "2020.06.04"]
[WhiteTeam "MCS Niners"]
[BlackTeam "Long Ditton St Mary's"]

1. e4 e5 2. Nf3 Nc6 3. Nc3 Nf6 4. Bc4 Bc5 5. O-O Bd4 6. d3 O-O 7. Bg5 d6 8. h3
h6 9. Bh4 g5 10. Bg3 Be6 11. Bxe6 fxe6 12. Qe2 Nb4 13. a3 Nc6 14. Rfe1 g4 15.
hxg4 Nxg4 16. Nxd4 exd4 17. Qxg4+ Kh8 18. Ne2 Rg8 19. Qxe6 Qg5 20. Nf4 Raf8 21.
Nh3 Qg7 22. c4 Ne5 23. c5 Nxd3 24. cxd6 Nxf2 25. Be5 Rf6 26. Bxf6 Qxf6 27.
Qxf6+ Kh7 28. Qxf2 c5 29. Qf7+ Rg7 30. Qxg7+ Kxg7 31. d7 Kf7 32. d8=Q h5 33.
Rf1+ Kg6 34. Qg8+ Kh6 35. Rf6# 1-0

[Event "Junior Online 4NCL Division 5"]
[Site "online"]
[Date "2020.06.04"]
[Round "8.235"]
[White "Bredenoord, Conrad"]
[Black "Kedikoglou, Elias"]
[Result "1-0"]
[WhiteElo "1142"]
[BlackElo "1277"]
[PlyCount "113"]
[EventDate "2020.06.04"]
[WhiteTeam "Long Ditton St Mary's"]
[BlackTeam "MCS Niners"]

1. e4 c5 2. Nc3 d6 3. Bb5+ Bd7 4. Bxd7+ Qxd7 5. Nf3 Nc6 6. d4 cxd4 7. Nxd4 Nxd4
8. Qxd4 e5 9. Qe3 Be7 10. Nd5 Bh4 11. g3 Be7 12. Nxe7 Qxe7 13. Qg5 Qxg5 14.
Bxg5 Nf6 15. Bxf6 gxf6 16. O-O Rg8 17. c4 a6 18. b3 Kd7 19. Rad1 Rgd8 20. c5
Ke6 21. cxd6 Rxd6 22. Rxd6+ Kxd6 23. Rd1+ Ke6 24. Rf1 Rd8 25. f4 exf4 26. gxf4
f5 27. exf5+ Kxf5 28. Rc1 Kxf4 29. Rf1+ Kg5 30. Rxf7 Rh8 31. Rxb7 Rd8 32. Rxh7
Rd1+ 33. Kf2 Kg6 34. Rh3 Rd2+ 35. Ke3 Rxa2 36. Rg3+ Kf5 37. h4 Ra3 38. Rf3+ Kg4
39. Rf4+ Kh3 40. Rb4 a5 41. Ra4 Rxb3+ 42. Kd4 Kxh4 43. Rxa5 Rb4+ 44. Kc5 Rg4
45. Ra1 Rg5+ 46. Kd6 Rg6+ 47. Ke5 Rg5+ 48. Kf6 Kg4 49. Rg1+ Kh5 50. Rxg5+ Kh4
51. Rg8 Kh3 52. Kf5 Kh4 53. Rg7 Kh3 54. Kf4 Kh2 55. Kf3 Kh1 56. Kf2 Kh2 57.
Rh7# 1-0

[Event "Junior Online 4NCL Division 5"]
[Site "online"]
[Date "2020.06.04"]
[Round "8.236"]
[White "Large, Marcus"]
[Black "Sheftel, Sam"]
[Result "0-1"]
[WhiteElo "857"]
[BlackElo "1075"]
[PlyCount "68"]
[EventDate "2020.06.04"]
[WhiteTeam "MCS Niners"]
[BlackTeam "Long Ditton St Mary's"]

1. e4 e5 2. Nf3 d6 3. Nc3 Nf6 4. Bc4 Bg4 5. h3 Bxf3 6. Qxf3 Nc6 7. d3 Nd4 8.
Qe3 Nxc2+ 9. Ke2 Nxe3 10. Kxe3 c6 11. Kf3 d5 12. exd5 cxd5 13. d4 exd4 14. Bb5+
Nd7 15. Nxd5 a6 16. Bxd7+ Qxd7 17. Nf4 Bd6 18. Nd5 Qf5+ 19. Ke2 Qxd5 20. Kd3
Be5 21. Re1 Qb5+ 22. Kd2 Qb4+ 23. Kd1 f6 24. a3 Qc4 25. Bd2 Qb3+ 26. Kc1 Rc8+
27. Kb1 Qd3+ 28. Ka2 b6 29. Red1 a5 30. a4 Qc4+ 31. Kb1 Qb3 32. Rc1 Rxc1+ 33.
Bxc1 d3 34. Bd2 Qxb2# 0-1

[Event "Junior Online 4NCL Division 5"]
[Site "online"]
[Date "2020.06.04"]
[Round "8.237"]
[White "Holben, Joseph"]
[Black "Robinson, Jonas"]
[Result "0-1"]
[WhiteElo "1067"]
[BlackElo "850"]
[PlyCount "60"]
[EventDate "2020.06.04"]
[WhiteTeam "Long Ditton St Mary's"]
[BlackTeam "MCS Niners"]

1. e4 e5 2. Nf3 Nc6 3. Nc3 Nf6 4. Bc4 Bc5 5. Ng5 O-O 6. d3 h6 7. Nh3 d6 8. Qf3
Qe7 9. Bg5 hxg5 10. Nxg5 Nd4 11. Qd1 Bg4 12. f3 Bh5 13. g4 Bg6 14. Qd2 Nh7 15.
f4 Nxg5 16. fxg5 Nf3+ 17. Ke2 Nxd2 18. Kxd2 Qxg5+ 19. Ke2 Qxg4+ 20. Kd2 Qg2+
21. Ne2 Bh5 22. Rhe1 Qxh2 23. Kc3 Bxe2 24. Rh1 Qf2 25. Kb3 a5 26. Bb5 Qd4 27.
c3 a4+ 28. Kc2 Qe3 29. Rag1 Qxg1 30. Rh3 Qd1# 0-1

[Event "Junior Online 4NCL Division 5"]
[Site "online"]
[Date "2020.06.04"]
[Round "8.238"]
[White "Coussios, Peter"]
[Black "New, Felix"]
[Result "0-1"]
[WhiteElo "850"]
[BlackElo "1015"]
[PlyCount "56"]
[EventDate "2020.06.04"]
[WhiteTeam "MCS Niners"]
[BlackTeam "Long Ditton St Mary's"]

1. e4 e5 2. Nf3 Nf6 3. Nc3 Bc5 4. Qe2 Ng4 5. Qb5 Nxf2 6. Rg1 Nd3+ 7. Ke2 Nxc1+
8. Kd1 Bxg1 9. Kxc1 a6 10. Qxe5+ Kf8 11. Nd5 Bc5 12. Ng5 f6 13. Nxh7+ Rxh7 14.
Qg5 fxg5 15. Nxc7 Qxc7 16. Bxa6 Rxa6 17. Kd1 Rxh2 18. Ke2 Rxg2+ 19. Ke1 Rg1+
20. Ke2 Rxa1 21. e5 Qxe5+ 22. Kf3 Rf1+ 23. Kg2 Qe2+ 24. Kh3 Rf3+ 25. Kg4 Rf4+
26. Kg3 Qg4+ 27. Kh2 Rf2+ 28. Kh1 Qg2# 0-1

[Event "Junior Online 4NCL Division 5"]
[Site "online"]
[Date "2020.06.04"]
[Round "8.241"]
[White "Kapoor, Devansh"]
[Black "Das, Anish"]
[Result "0-1"]
[WhiteElo "1067"]
[BlackElo "887"]
[PlyCount "68"]
[EventDate "2020.06.04"]
[WhiteTeam "Uxbridge Juniors B1"]
[BlackTeam "Blue Foxes 1"]

1. e4 e5 2. Nf3 Nc6 3. Bb5 a6 4. Bxc6 bxc6 5. Nxe5 Qe7 6. d4 d5 7. exd5 cxd5 8.
Be3 Bd7 9. Nc3 f6 10. Nxd5 Qd6 11. Qh5+ g6 12. Nxg6 Qxd5 13. Nxh8+ Qxh5 14. O-O
Bd6 15. Rfe1 Qxh2+ 16. Kf1 Kf8 17. Rad1 Kg7 18. Ke2 Bg4+ 19. f3 Qxg2+ 20. Bf2
Bxf3+ 21. Kd2 Bxd1 22. Kxd1 Qxf2 23. Re2 Qf1+ 24. Re1 Qf4 25. Ke2 Kxh8 26. Kd3
Ne7 27. c4 Qg3+ 28. Re3 Qg4 29. c5 Bf4 30. Rxe7 Qf3+ 31. Kc4 c6 32. b4 Rb8 33.
a4 a5 34. bxa5 Qb3# 0-1

[Event "Junior Online 4NCL Division 5"]
[Site "online"]
[Date "2020.06.04"]
[Round "8.242"]
[White "Das, Aman"]
[Black "Mangalagiri, Pranav"]
[Result "0-1"]
[WhiteElo "850"]
[BlackElo "970"]
[PlyCount "36"]
[EventDate "2020.06.04"]
[WhiteTeam "Blue Foxes 1"]
[BlackTeam "Uxbridge Juniors B1"]

1. e4 e6 2. d4 d5 3. exd5 exd5 4. Qh5 Nf6 5. Qe5+ Be6 6. Bb5+ c6 7. Bd3 Bd6 8.
Qg5 O-O 9. Qh5 Nxh5 10. g4 Bxg4 11. h3 Bd7 12. h4 Re8+ 13. Kd1 Bg4+ 14. Kd2
Bf4+ 15. Kc3 Bxc1 16. Na3 Qa5+ 17. Kb3 Bd2 18. Rd1 Qb4# 0-1

[Event "Junior Online 4NCL Division 5"]
[Site "online"]
[Date "2020.06.04"]
[Round "8.243"]
[White "Rodgers, Micah"]
[Black "Polyzos, Apostolos"]
[Result "0-1"]
[WhiteElo "1007"]
[BlackElo "850"]
[PlyCount "36"]
[EventDate "2020.06.04"]
[WhiteTeam "Uxbridge Juniors B1"]
[BlackTeam "Blue Foxes 1"]

1. e4 e5 2. Bc4 Nc6 3. Qf3 Nf6 4. Nh3 Bd6 5. Bb3 Nd4 6. Qc3 Nxe4 7. Qc4 Qf6 8.
d3 Nc5 9. Bg5 Qg6 10. c3 b5 11. Qd5 Nc6 12. Qe4 Nxe4 13. dxe4 Qxe4+ 14. Kd2 b4
15. cxb4 Bxb4+ 16. Kd1 Qd3+ 17. Kc1 Nd4 18. Rd1 Ne2# 0-1

[Event "Junior Online 4NCL Division 5"]
[Site "online"]
[Date "2020.06.04"]
[Round "8.244"]
[White "Jackson, Will"]
[Black "Zyakhor, Cornelius"]
[Result "1-0"]
[WhiteElo "850"]
[BlackElo "850"]
[PlyCount "87"]
[EventDate "2020.06.04"]
[WhiteTeam "Blue Foxes 1"]
[BlackTeam "Uxbridge Juniors B1"]

1. e4 e5 2. Bb5 Nh6 3. d3 Bb4+ 4. Bd2 Bc5 5. Bxh6 gxh6 6. Qh5 Rf8 7. Qxh6 Bb4+
8. c3 Ba5 9. Qxh7 Qf6 10. Qh3 c6 11. Bc4 Qg5 12. Nf3 Qc1+ 13. Ke2 Qxb2+ 14.
Nbd2 Qxd2+ 15. Nxd2 Bxc3 16. Rac1 Bb2 17. Rc2 Bd4 18. Qh5 Bc5 19. g3 d5 20.
exd5 cxd5 21. Bxd5 Bg4+ 22. Qxg4 e4 23. dxe4 Nc6 24. Bxc6+ bxc6 25. Qf5 Bb6 26.
Rxc6 Ba5 27. Qxa5 Kd7 28. Rc7+ Kd8 29. Rc5+ Ke8 30. Nc4 Rb8 31. Rd1 Rb2+ 32.
Nxb2 f6 33. Qxa7 Rf7 34. e5 Rxa7 35. exf6 Kf8 36. g4 Rxa2 37. Rd2 Ra8 38. g5
Re8+ 39. Kf3 Re7 40. fxe7+ Kxe7 41. Ra5 Kf7 42. Ra6 Kg7 43. Rd7+ Kg8 44. Ra8#
1-0